000
00310nam a22001217a 4500
008
230703b xxu||||| |||| 00| 0 eng d
082
_a
342
_b
I618 2001
245
_a
Constitutional & Parliamentary Information
260
_b
Inter-Parliamentary Union
_c
2001
300
_a
224p
440
_n
181
942
_2
ddc
_c
BK
999
_c
3237
_d
3237